Medzinárodná migrácia
Medzinárodná migrácia ako jeden z vážnych problémov západoeurópskych krajín na konci 20. storočia. Migračná politika, migračná regulácia na jednej strane a uznanie práv a nárokov migračných skupín a štátov na druhej strane. Migrácia v rámci Európy, migrácia v rámci bývalého Československa, zníženie...
Enregistré dans:
| Auteur principal: | |
|---|---|
| Format: | Chapitre de livre |
| Langue: | slovaque |
| Sujets: | |
| Tags: |
Pas de tags, Soyez le premier à ajouter un tag!
|
MARC
| LEADER | 00000naa a2200000 4500 | ||
|---|---|---|---|
| 001 | r018849 | ||
| 005 | 20221213100316.9 | ||
| 041 | 0 | |a slo | |
| 044 | |a SK | ||
| 245 | 1 | 0 | |a Medzinárodná migrácia |c Eva Rievajová |
| 520 | |a Medzinárodná migrácia ako jeden z vážnych problémov západoeurópskych krajín na konci 20. storočia. Migračná politika, migračná regulácia na jednej strane a uznanie práv a nárokov migračných skupín a štátov na druhej strane. Migrácia v rámci Európy, migrácia v rámci bývalého Československa, zníženie migrácie medzi SR a ČR po roku 1993. Typy migrácie. Faktory ovplyvňujúce migráciu. Práca v zahraničí na základe medzivládnych dohôd. | ||
| 610 | 2 | 0 | |a migrácia |
| 610 | 2 | 0 | |a trh práce |
| 610 | 2 | 0 | |a Európa |
| 610 | 2 | 0 | |a západná Európa |
| 100 | 1 | |a Rievajová, Eva | |